000 00806nam a2200229 i 4500
001 130775
003 ES-MaACL
005 20230906193836.0
007 t|
008 070808s1947 sp |||| | spa d
080 _a821.134.2-2"19"
100 1 _aTejedor, Luis.
_9109571
245 1 3 _aUn drama de Echegaray, ¡ay!
_b: parodia en tres actos y en verso /
_coriginal de Luis Tejedor y Luis Muñoz Lorente.
260 _aMadrid :
_bPrensa Castellana,
_c1947.
300 _a108 p. ;
_c19 cm.
490 1 _aAs de pique ;
_v2
594 _aEstrenada en el Teatro Príncipe, de San Sebastián, el 4 de agosto de 1945.
700 1 _aLorente, Luis Muñoz.
_974106
830 0 _aAs de pique ;
_v2
_9219510
852 _aES-MaACL
_jE-11929
_z. - Biblioteca Jacinto Martínez Lacalle
999 _c130775
_d130775